|
|
|
|
| LEADER |
00000nab a2200000 a 4500 |
| 001 |
vtls000477304 |
| 003 |
SK-MaSNL |
| 005 |
20260304080246.0 |
| 008 |
250424c1992 xo 0 slo |
| 015 |
|
|
|a SNBRB19rr/mm-uuuuu
|
| 035 |
|
|
|a CL0477438
|
| 035 |
|
|
|a urn:nbn:sk:snk-ab6r7c
|
| 035 |
|
|
|a (uuid)2ca3ae0c-c80f-4764-8288-0659425c3a2f
|
| 035 |
|
|
|a (urnnbn)urn:nbn:sk:snk:ar-a05gh9
|
| 035 |
|
|
|a (sysno)vtls000477304
|
| 040 |
|
|
|a SNKBUCL
|b slo
|c SNKBUCL
|e AACR2
|
| 041 |
0 |
|
|a cze
|
| 044 |
|
|
|a xo
|c SK
|
| 080 |
|
|
|a 008
|2 1981
|
| 100 |
1 |
|
|a Zeman, Jan
|4 aut
|9 266052
|
| 245 |
1 |
0 |
|a King, A. - Schneider, B.: První globální revoluce
|c Jan Zeman
|
| 650 |
0 |
7 |
|a globálne problémy
|2 snkbucl
|9 3927
|
| 655 |
|
7 |
|a články z novín a časopisov
|2 snkbucl
|9 267496
|
| 700 |
1 |
|
|a King, Alexander,
|d 1909-2007
|4 aut
|9 54491
|
| 700 |
1 |
|
|a Schneider, Bertrand
|4 aut
|9 1143073
|
| 773 |
0 |
|
|t Ekonomický časopis
|g Roč. 40, č. 12 (1992), s. 950-952
|
| 787 |
0 |
8 |
|i Rec.:
|a King, Alexander
|t První globální revoluce
|d Bratislava : Bradlo, 1991
|
| 850 |
|
|
|a Slovenská národná knižnica
|
| 852 |
|
|
|a Slovenská národná knižnica
|
| 954 |
|
|
|a odborná, vedecká literatúra cudzojazyčná (svetová)
|2 lita
|
| 958 |
|
|
|a article27
|
| 958 |
|
|
|a RK
|
| 958 |
|
|
|a OND
|
| 958 |
|
|
|a EUIPO
|
| 992 |
|
|
|a RBX
|
| 999 |
|
|
|c 2785659
|d 2787589
|